000 01585cam a22004574i 4500
003 PE-LiUPU
005 20250731173517.0
008 150616s1992 tnu r 000 0 eng d
020 _a0840776950
035 _a(Sirsi) i9780840776952
040 _aPE-LiUPU
_bspa
_cPE-LiUPU
_erda
049 _aPRUA
082 0 4 _a235.402
_bM95
_221
100 1 _aMurphy, Edward F.,
_eautor.
245 1 4 _aThe handbook for spiritual warfare /
_cEdward F. Murphy.
264 1 _aNashville, Tennessee :
_bThomas Nelson Publishers, Inc.,
_c1992.
300 _a593 páginas ;
_c24 centímetros
336 _atext
_2rdacontent
337 _aunmediated
_2rdamedia
338 _avolume
_2rdacarrier
505 0 _aWorld views -- Theological considerations -- A survey of biblical teaching (Old Testament).
526 _aSEG42
526 _aSEG41
526 _aSEG40
526 _aSEG39
526 _aP94
526 _aP87
526 _aP86
526 _aP85
526 _aP77
526 _aP76
526 _aP35
650 0 4 _aLucha espiritual.
910 _ajck
_bjvq
_cjck
942 _2ddc
_cBOOK
949 _a235.402 M95
_wDEWEY
_c1
_i41773
_d2016-3-21
_e2016-3-21
_lCCODEBUL1
_mBUL
_n3
_r0
_sY
_tBOOK
_u2015-6-16
_xTEOLOGIA
_zUNKNOWN
_0COMPRA
_o.STAFF. Colección General
994 _aC0
_bPEPRU
596 _a1
999 _a235.402 M95
_wDEWEY
_c59438
_i41773
_d59438
_e2016-3-21
_f2021-11-10
_g5
_lCCODEBUL1
_mBUL
_n3
_p16.49
_r0
_sY
_tBOOK
_u2015-6-16
_xTEOLOGIA
_PP35
_0COMPRA
_o.STAFF. Colección Teología
980 _81
_gALBERTO SANCHEZ Responsable de Automatización